Organic matter and rice

সংরক্ষণ করুন:
গ্রন্থ-পঞ্জীর বিবরন
প্রধান লেখক: IRRI
বিন্যাস: গ্রন্থ
ভাষা:Undetermined
প্রকাশিত: Philippines IRRI 1984
বিষয়গুলি:
ট্যাগগুলো: ট্যাগ যুক্ত করুন
কোনো ট্যাগ নেই, প্রথমজন হিসাবে ট্যাগ করুন!
Thư viện lưu trữ: Trung tâm Học liệu Trường Đại học Cần Thơ
LEADER 00485nam a2200181Ia 4500
001 CTU_38681
008 210402s9999 xx 000 0 und d
082 |a 633.188987 
082 |b I71 
100 |a IRRI 
245 0 |a Organic matter and rice 
245 0 |c IRRI 
260 |a Philippines 
260 |b IRRI 
260 |c 1984 
650 |a organic matter in soils,rice - fertilizers and manures 
904 |i Liên, 990811 
980 |a Trung tâm Học liệu Trường Đại học Cần Thơ